Cliquez sur le bon pays en Amérique du Nord - Statistiques

Statistiques générales
  • Ce quiz a été pris 136 fois
  • Le résultat moyen est 14 sur 23
Réponses sur la Carte
Les réponses sont colorées sur une échelle allant du rouge au vert en fonction du pourcentage des utilisateurs qui les ont devinées à leur premier essai. Vous pouvez retrouver ces pourcentages ci-dessous.
 
Statistiques - réponses
Réponse % Correct
États-Unis
89%
Canada
87%
Mexique
85%
Bahamas
80%
Cuba
77%
Panama
77%
Salvador
70%
Bélize
66%
Jamaïque
64%
République dominicaine
64%
Costa Rica
62%
Haïti
62%
Honduras
62%
Guatemala
59%
Nicaragua
57%
Trinité-et-Tobago
54%
Barbade
46%
Grenade
46%
Dominique
44%
Antigua-et-Barbuda
43%
Saint-Vincent-et-les-Grenadines
43%
Sainte-Lucie
36%
Saint-Christophe-et-Niévès
33%
Aucun quiz correspondant
Distribution des résultats
% des personnes avec chaque résultat
Percentile par nombre de réponses
Votre historique - résultats
Vous n’avez pas pris ce quiz